| 000 | 00845nam a2200229 4500 | ||
|---|---|---|---|
| 999 |
_c8236 _d8236 |
||
| 001 | 21742 | ||
| 003 | BD-DhUAP | ||
| 005 | 20230128153214.0 | ||
| 008 | 230128b2021 bg ||||| |||| 001 0ceng d | ||
| 020 | _a9789843517852 | ||
| 040 |
_aBD-DhUAP _bEng _cBD-DhUAP _dBD-DhUAP _eBD-DhUAP |
||
| 082 |
_223 _a343.5492 MAR |
||
| 100 | _aBangabandhu Sheikh Mujibur Rahman Maritime University, Bangladesh. | ||
| 245 |
_aMaritime Law Compendium: _bA Handbook for Maritime Professionals & Academicians/ _cBangabandhu Sheikh Mujibur Rahman Maritime University, Bangladesh. |
||
| 250 | _a1st ed . | ||
| 260 |
_aDhaka: _bBangabandhu Sheikh Mujibur Rahman Maritime University, Bangladesh; _c2021. |
||
| 300 |
_a896 pages ; _c24 cm. |
||
| 505 | _aBengali & English. | ||
| 650 |
_aMaritime law _zBangladesh. |
||
| 650 |
_aAdmiralty _zBangladesh. |
||
| 942 |
_2ddc _cBK |
||